| 000 | 00789cam a22002533a 4500 | ||
|---|---|---|---|
| 001 | 741 | ||
| 003 | PGUSA | ||
| 005 | 20140828082952.0 | ||
| 008 | 961201s1996||||xxu|||||s|||||000 | eng d | ||
| 040 |
_aPGUSA _beng |
||
| 042 | _adc | ||
| 050 | 4 | _aJK | |
| 100 | 1 |
_aBenton, Thomas Hart, _d1782-1858 |
|
| 245 | 1 | 0 |
_aThomas Hart Benton's Remarks to the Senate on the Expunging Resolution _h[electronic resource] / _cThomas Hart Benton |
| 260 |
_bProject Gutenberg, _c1996 |
||
| 500 | _aJanuary 12, 1837 | ||
| 506 | _aPublic domain in the USA. | ||
| 516 | _aElectronic text | ||
| 653 | _aJackson, Andrew, 1767-1845 | ||
| 653 | _aUnited States -- Politics and government -- 1837-1841 | ||
| 830 | 0 |
_aProject Gutenberg _v741 |
|
| 856 | 4 | 0 | _uhttp://www.gutenberg.org/ebooks/741 |
| 942 | _cEB | ||
| 999 |
_c230092 _d230092 |
||